| 000 | 00530nam a2200157Ia 4500 | ||
|---|---|---|---|
| 008 | 210210b2001 xxu||||| |||| 00| 0 eng d | ||
| 020 | _a81 230 0972 0 | ||
| 082 | _a305.4 KAPE | ||
| 100 | _aKAPUR (Promilla). | ||
| 245 | _aEmpowering the Indian woman. | ||
| 260 |
_aNew Delhi. _bPublication Division Ministry of Information & Broadcasting _c2001 |
||
| 300 | _a440 | ||
| 650 | _aWoman Women Empowerment Girls Education Working Violence Prostitution Human Rights Equality Media | ||
| 690 | _aSocial Structure | ||
| 906 | _a057940 | ||
| 999 |
_c105292 _d105292 |
||